Every Wrestler to compete at TNA Slammiversary - Statistics

General Stats
  • This quiz has been taken 44 times
    20 since last reset
  • The average score is 111 of 250
Answer Stats
First Match Wrestler % Correct
2005 Abyss
88%
2024 Ash by Elegance
88%
2006 Christian Cage
88%
2019 Jake Crist
88%
2012 Joseph Park
88%
2005 Samoa Joe
88%
2012 Austin Aries
82%
2005 Bobby Roode
82%
2005 Chris Sabin
82%
2022 David Young
82%
2005 Eric Young
82%
2005 James Storm
82%
2010 Jeff Hardy
82%
2007 Kurt Angle
82%
2006 Low Ki
82%
2015 Matt Hardy
82%
2018 Sami Callihan
82%
2006 Sting
82%
2014 Willow
82%
2005 AJ Styles
76%
2018 Brian Cage
76%
2006 Bully Ray
76%
2005 Christopher Daniels
76%
2017 DeAngelo Williams
76%
2009 Doug Williams
76%
2014 Ethan Carter III
76%
2018 Johnny Impact
76%
2021 Karl Anderson
76%
2008 Kazarian
76%
2013 Kenny King
76%
2020 Kiera Hogan
76%
2023 KiLynn King
76%
2009 Mick Foley
76%
2010 Mr. Anderson
76%
2005 Petey Williams
76%
2007 Rick Steiner
76%
2006 Scott Steiner
76%
2005 Sean Waltman
76%
2005 | 2006 Alex Shelley
71%
2008 Awesome Kong
71%
2005 BG James
71%
2014 Bobby Lashley
71%
2005 Chris Harris
71%
2006 Devon
71%
2021 Doc Gallows
71%
2008 Gail Kim
71%
2005 Kip James
71%
2009 Magnus
71%
2011 Mickie James
71%
2008 | 2017 Moose
71%
2005 Raven
71%
2006 Rhino
71%
2018 Tessa Blanchard
71%
2017 Alberto El Patron
65%
2017 Alisha Edwards
65%
2008 Angelina Love
65%
2014 Crazzy Steve
65%
2019 Dez
65%
2014 Eddie Edwards
65%
2019 Ethan Page
65%
2007 Hernandez
65%
2007 Homicide
65%
2006 Jeff Jarrett
65%
2023 Joe Hendry
65%
2019 Josh Alexander
65%
2021 Kenny Omega
65%
2017 Kongo Kong
65%
2010 Rob Van Dam
65%
2018 Su Yung
65%
2008 Velvet Sky
65%
2017 Allie
59%
2008 Booker T
59%
2021 Brian Myers
59%
2015 Drew Galloway
59%
2006 Jay Lethal
59%
2006 Kevin Nash
59%
2020 Kimber Lee
59%
2010 Madison Rayne
59%
2014 Manik
59%
2005 Monty Brown
59%
2018 Pentagon Jr
59%
2019 Rich Swann
59%
2012 Robbie E
59%
2017 Santana
59%
2005 Shark Boy
59%
2016 Trevor Lee
59%
2019 Trey
59%
2013 Wes Brisco
59%
2014 Zema Ion
59%
2020 Ace Austin
53%
2013 Chavo Guerrero
53%
2020 Chris Bey
53%
2014 Davey Richards
53%
2016 Eli Drake
53%
2018 Fenix
53%
2020 Jordynne Grace
53%
2022 Mike Bailey
53%
2024 Nic Nemeth
53%
2008 ODB
53%
2017 Ortiz
53%
2005 Ron Killings
53%
2017 Rosemary
53%
2005 Sonjay Dutt
53%
2022 Steve Maclin
53%
2009 Suicide
53%
2009 Tara
53%
2007 Tomko
53%
2024 AJ Francis
47%
2012 Brooke Tessmacher
47%
2020 Deonna Purrazzo
47%
2010 Desmond Wolfe
47%
2012 Garett Bischoff
47%
2013 Gunner
47%
2023 Heath
47%
2024 JDC
47%
2023 Killer Kelly
47%
2023 Masha Slamovich
47%
2016 Mike Bennett
47%
2022 PCO
47%
2012 Rob Terry
47%
2009 Taylor Wilde
47%
2023 Trinity
47%
2019 Wentz
47%
2005 Amazing Red
41%
2010 Brian Kendrick
41%
2023 Cody Deaner
41%
2009 Consequences Creed
41%
2024 Dani Luna
41%
2022 Jay Briscoe
41%
2007 Jerry Lynn
41%
2014 Jessie Godderz
41%
2021 Joe Doering
41%
2017 Josh Mathews
41%
2020 Ken Shamrock
41%
2005 Konnan
41%
2023 Lio Rush
41%
2022 Mark Briscoe
41%
2021 Matt Cardona
41%
2009 Matt Morgan
41%
2018 Matt Sydal
41%
2024 Mustafa Ali
41%
2021 Rohit Raju
41%
2014 Sanada
41%
2019 Taya Valkyrie
41%
2014 Tigre Uno
41%
2018 Tommy Dreamer
41%
2019 Willie Mack
41%
2015 Bram
35%
2005 Chase Stevens
35%
2011 Crimson
35%
2005 Elix Skipper
35%
2019 Havok
35%
2023 Jody Threat
35%
2017 Laredo Kid
35%
2017 Laurel Van Ness
35%
2022 Matt Taven
35%
2022 Mike Jackson
35%
2022 Raj Singh
35%
2017 Taiji Ishimori
35%
2013 Taryn Terrell
35%
2020 Tasha Steelz
35%
2016 Andrew Everett
29%
2005 Andy Douglas
29%
2021 David Finlay
29%
2021 Fallah Bahh
29%
2015 Jade
29%
2023 Jake Something
29%
2022 Johnny Swinger
29%
2023 Mark Andrews
29%
2024 Myles Borne
29%
2009 Shane Douglas
29%
2016 Sienna
29%
2016 Braxton Sutter
24%
2024 Charlie Dempsey
24%
2017 Chris Adonis
24%
2009 Daffney
24%
2023 Flash Morgan Webster
24%
2023 Gisele Shaw
24%
2016 Grado
24%
2017 Jeremy Borash
24%
2023 Jonathan Gresham
24%
2008 Josie Robinson
24%
2021 Juice Robinson
24%
2012 Kid Kash
24%
2019 Killer Kross
24%
2016 Mahabali Shera
24%
2014 Marshall Von Erich
24%
2015 Marti Bell
24%
2005 Matt Bentley
24%
2014 Ross Von Erich
24%
2013 Sam Shaw
24%
2006 Scott D'Amore
24%
2021 Tenille Dashwood
24%
2015 Tyrus
24%
2021 W. Morrissey
24%
2023 Alan Angels
18%
2022 Alex Zayne
18%
2005 Apolo
18%
2007 Bob Backlund
18%
2017 Garza Jr
18%
2024 Hammerstone
18%
2010 Jessie Neal
18%
2017 KM
18%
2023 Kushida
18%
2005 Lance Hoyt
18%
2021 Madman Fulton
18%
2019 Michael Elgin
18%
2008 Roxxi
18%
2023 Savannah Evans
18%
2005 Simon Diamond
18%
2005 Sonny Siaki
18%
2024 Tavion Heights
18%
2024 Xia Brookside
18%
2006 A1
12%
2022 Bhupinder Gujjar
12%
2017 Drago
12%
2017 El Hijo del Fantasma
12%
2024 Faby Apache
12%
2023 Jai Vidal
12%
2023 Jason Hotch
12%
2023 John Skyler
12%
2023 Kevin Knight
12%
2020 Kylie Rae
12%
2017 Naomichi Marufuji
12%
2021 No Way
12%
2021 Thunder Rosa
12%
2022 Vincent
12%
2022 Aiden Prince
6%
2016 Baron Dax
6%
2007 Basham
6%
2016 Basile Baraka
6%
2007 Damaja
6%
2005 Delirious
6%
2007 Frank Wycheck
6%
2013 Jay Bradley
6%
2005 Jerelle Clark
6%
2020 Katie Forbes
6%
2007 Road Warrior Animal
6%
2008 Serena Deeb
6%
2005 Shocker
6%
2022 Slash
6%
2005 Trytan
6%
2005 Zach Gowen
6%
2022 Zicky Dice
6%
2020 John E. Bravo
0%
2022 Nate Webb
0%
2020 Nevaeh
0%
2022 Shogun
0%
No matching quizzes found
Score Distribution
Percent of People with Each Score
Percentile by Number Answered
Your Score History
You have not taken this quiz since the last reset